| 000 | 00765nam a2200181Ia 4500 | ||
|---|---|---|---|
| 008 | 090630s9999 xx 000 0 und d | ||
| 082 | _b26173 | ||
| 100 | _aपोतदार शंकरराव. | ||
| 245 |
_aज्ञान आणि मनोरंजनाचे 101 चुटके. _cपोतदार शंकरराव. |
||
| 260 |
_bसाकेत - औरंगाबाद. _c2006 |
||
| 300 | _a109 | ||
| 600 | _aपोतदार शंकरराव. | ||
| 630 | _aज्ञान आणि मनोरंजनाचे 101 चुटके. | ||
| 655 | _aइतर. | ||
| 700 | _aपोतदार शंकरराव. | ||
| 730 | _aज्ञान आणि मनोरंजनाचे 101 चुटके. | ||
| 942 | _cBOOK | ||
| 999 |
_c278029 _d278029 |
||